New perspectives on the Chatelperronian / by Francis B. Harrold
Descripción Física:
51 p. ; 27 cm
Colección:
Monografies ; 62
MARC
| LEADER | 00000nam a2200000Ia 4500 | ||
|---|---|---|---|
| 001 | 7834 | ||
| 008 | 160829s1981 xx 000 0 cat d | ||
| 080 | |a H-2-96 | ||
| 100 | |a Harrold, Francis B. |9 32041 | ||
| 245 | |a New perspectives on the Chatelperronian / by Francis B. Harrold | ||
| 260 | |a Barcelona : |b Diputació. Institut de Prehistòria i Arqueologia, |c 1981 | ||
| 300 | |a 51 p. ; |c 27 cm | ||
| 490 | |a Monografies ; 62 | ||
| 590 | |a Separata d'Ampurias ; 43. | ||
| 590 | |a Bibliografia | ||
| 650 | |a Paleolític |x França |9 32042 | ||
| 650 | |a Paleolític |x Cantàbria |9 32043 | ||
| 710 | 2 | |a Institut de Prehistòria i Arqueologia (Barcelona, Catalunya) |9 52785 | |
| 901 | |a Arxiu | ||
| 942 | |n 1 | ||
| 952 | |0 0 |1 0 |4 0 |6 H296 |7 1 |9 45845 |a Arxiu |b Arxiu |d 2016-12-01 |l 0 |o H-2-96 |p 7834 |r 2016-12-01 00:00:00 |w 2016-12-01 |y ARXIU | ||
| 999 | |c 49345 |d 49345 | ||